Подробности
| 000 -МАРКЕР |
| контрольное поле |
01660nam0a2200349 4500 |
| 001 - ИДЕНТИФИКАТОР ЗАПИСИ |
| контрольное поле |
RU\NLR\bibl\910999 |
| 005 - ИДЕНТИФИКАТОР ВЕРСИИ |
| контрольное поле |
20060316114635.0 |
| 010 ## - МЕЖДУНАРОДНЫЙ СТАНДАРТНЫЙ НОМЕР КНИГИ (ISBN) |
| Номер (ISBN) |
5-9282-0262-8 |
| Тираж |
150 |
| 021 ## - НОМЕР ГОСУДАРСТВЕННОЙ РЕГИСТРАЦИИ |
| Код страны |
Российская Федерация |
| Номер |
2005-81257 |
| Номер Листа государственной регистраци |
4016 |
| 035 ## - ДРУГИЕ СИСТЕМНЫЕ НОМЕРА |
| Идентификатор записи |
(NLR Aleph) 000899342 |
| 100 ## - ДАННЫЕ ОБЩЕЙ ОБРАБОТКИ |
| Данные общей обработки |
20060227d2005 u y0rusy50 ca |
| 101 0# - ЯЗЫК РЕСУРСА |
| Язык текста, звукозаписи и т.д. |
русский |
| 102 ## - СТРАНА ПУБЛИКАЦИИ ИЛИ ПРОИЗВОДСТВА |
| Страна публикации |
Российская Федерация |
| 105 ## - ПОЛЕ КОДИРОВАННЫХ ДАННЫХ: ТЕКСТОВЫЕ МАТЕРИАЛЫ, МОНОГРАФИЧЕСКИЕ |
| Кодированные данные о монографическом текстовом документе |
a ||||||||| |
| 200 1# - ЗАГЛАВИЕ И СВЕДЕНИЯ ОБ ОТВЕТСТВЕННОСТИ |
| Основное заглавие |
Переправы |
| Сведения, относящиеся к заглавию |
учебник для военных кафедр, проводящих подготовку офицеров запаса для инженерных войск |
| Первые сведения об ответственности |
Ю.И. Бородулин, А.В. Маркеленко, С.И. Блажко |
| Последующие сведения об ответственности |
М-во образования и науки Рос. Федерации, Федер. агентство по образованию, Пенз. гос. ун-т архитектуры и стр-ва |
| 210 ## - ПУБЛИКАЦИЯ, РАСПРОСТРАНЕНИЕ И ДР. |
| Место издания, распространения и т.д. |
Пенза |
| Имя издателя, распространителя и т. д. |
Изд-во ПГУАС |
| Дата издания, распространения и т.д. |
2005 |
| 215 ## - ФИЗИЧЕСКАЯ ХАРАКТЕРИСТИКА |
| Специфическое обозначение материала и объем |
297 с. |
| Другие сведения о физической характеристике |
ил. |
| Размеры |
20 |
| 320 ## - ПРИМЕЧАНИЯ О НАЛИЧИИ В ДОКУМЕНТЕ БИБЛИОГРАФИИ / УКАЗАТЕЛЯ |
| Текст примечания |
Библиогр.: с. 297 (11 назв.) |
| 606 0# - НАИМЕНОВАНИЕ ТЕМЫ КАК ПРЕДМЕТ |
| Наименование темы |
Переправы (воен.) |
| Формальный подзаголовок |
Учебники |
| Системный номер авторитетной/нормативной записи |
1256051 |
| Идентификатор авторитетной/нормативной записи |
RU\NLR\auth\66514916 |
| 606 0# - НАИМЕНОВАНИЕ ТЕМЫ КАК ПРЕДМЕТ |
| Наименование темы |
Переправочные средства (воен.) |
| Формальный подзаголовок |
Учебники |
| Системный номер авторитетной/нормативной записи |
1903447 |
| Идентификатор авторитетной/нормативной записи |
RU\NLR\auth\66866755 |
| 686 ## - ИНДЕКСЫ ДРУГИХ КЛАССИФИКАЦИЙ |
| Индекс |
Ц561.25я7 |
| 700 #1 - ИМЯ ЛИЦА - ПЕРВИЧНАЯ ОТВЕТСТВЕННОСТЬ |
| Начальный элемент ввода |
Бородулин |
| Часть имени, кроме начального элемента ввода |
Ю. И. |
| Расширение инициалов личного имени |
Юрий Иванович |
| Код отношения |
Автор |
| 701 #1 - ИМЯ ЛИЦА - АЛЬТЕРНАТИВНАЯ ОТВЕТСТВЕННОСТЬ |
| Начальный элемент ввода |
Маркеленко |
| Часть имени, кроме начального элемента ввода |
А. В. |
| Расширение инициалов личного имени |
Александр Васильевич |
| Код отношения |
Автор |
| 701 #1 - ИМЯ ЛИЦА - АЛЬТЕРНАТИВНАЯ ОТВЕТСТВЕННОСТЬ |
| Начальный элемент ввода |
Блажко |
| Часть имени, кроме начального элемента ввода |
С. И. |
| Расширение инициалов личного имени |
Сергей Иванович |
| Код отношения |
Автор |
| 801 #0 - ИСТОЧНИК ЗАПИСИ |
| Страна |
Российская Федерация |
| Организация |
NLR |
| Дата составления |
20060227 |
| Правила каталогизации |
rcr |
| 801 #1 - ИСТОЧНИК ЗАПИСИ |
| Страна |
Российская Федерация |
| Организация |
NLR |
| Дата составления |
20060227 |
| 830 ## - ОБЩЕЕ ПРИМЕЧАНИЕ, СОСТАВЛЕННОЕ КАТАЛОГИЗАТОРОМ |
| Текст примечания |
Авт. по кн. |
| 942 ## - ДОПОЛНИТЕЛЬНЫЕ ЭЛЕМЕНТЫ ЗАПИСИ (АБИС) |
| Тип экземпляра АБИС |
Книга |
| 980 ## - КОЛЛЕКЦИЯ |
| Название коллекции |
Национальная библиография |
| 980 ## - КОЛЛЕКЦИЯ |
| Название коллекции |
НБР |